000 00594nam a2200217 a 4500
999 _c5212
_d5212
001 5212
003 BD-JhCC
005 20171213123834.0
008 171210s1959 ai |||| ||a| 000 0 eng d
035 _a(BD-JhCC) 5212
040 _aBD-JhCC
_dBD-JhCC
041 _aeng
082 _a575.0162
_bSHE 1960
100 _aSheppard, P.M.
245 _aNatural selection and heredity /
_cP.M. Sheppard,
260 _aAmerica :
_bHARPER & ROW, PUPLISHERS NEWYORK AND EVANSTON ,
_c1959
300 _a209 p .:
_c22 cm .
650 _aNatural Selection, Genetict
942 _2ddc
_cBK